Γερμανοί εξπρεσιονιστές : συλλογή Μπούχαϊμ

Αποθηκεύτηκε σε:
Λεπτομέρειες βιβλιογραφικής εγγραφής
Συγγραφή απο Οργανισμό/Αρχή: Εθνική Πινακοθήκη - Μουσείο Αλεξάνδρου Σούτζου
Μορφή: Βιβλίο
Γλώσσα:Greek
Δημοσίευση: Αθήνα : Εθνική Πινακοθήκη και Μουσείο Αλεξάνδρου Σούτζου, 1985
Θέματα:
Ετικέτες: Προσθήκη ετικέτας
Δεν υπάρχουν, Καταχωρήστε ετικέτα πρώτοι!

MARC

LEADER 00000nam a2200000 i 4500
001 1/102931
008 950511s1985 gre d
020 |a 3-7659-1038-4 
035 |l 10012696 
040 |a GR-MY-UA  |b gre  |e aacr 
041 0 |a gre 
082 0 |a 759.0642 
110 2 |a Εθνική Πινακοθήκη - Μουσείο Αλεξάνδρου Σούτζου. 
245 1 0 |a Γερμανοί εξπρεσιονιστές :  |b συλλογή Μπούχαϊμ /  |c Εθνική Πινακοθήκη και Μουσείο Αλεξάνδρου Σούτζου 
260 |a Αθήνα :   |b Εθνική Πινακοθήκη και Μουσείο Αλεξάνδρου Σούτζου,   |c 1985 
650 0 0 |a Expressionism (Art)  |z Germany. 
852 |a INST  |b LESVOS  |e 19950511  |h 759.0642 ΓΕΡ  |p 005100000981  |q 005100000981  |t BK  |y 0 
909 |a Λ  |b 022940 
922 |a 1ΔΩΡ  |b 199203